<?xml version="1.0" encoding="UTF-8"?><?xml-stylesheet type="text/xsl" href="static/style.xsl"?><OAI-PMH xmlns="http://www.openarchives.org/OAI/2.0/" xmlns:xsi="http://www.w3.org/2001/XMLSchema-instance" xsi:schemaLocation="http://www.openarchives.org/OAI/2.0/ http://www.openarchives.org/OAI/2.0/OAI-PMH.xsd"><responseDate>2026-04-13T13:31:38Z</responseDate><request verb="GetRecord" identifier="oai:www.recercat.cat:2072/448762" metadataPrefix="marc">https://recercat.cat/oai/request</request><GetRecord><record><header><identifier>oai:recercat.cat:2072/448762</identifier><datestamp>2024-10-29T16:02:02Z</datestamp><setSpec>com_2072_98</setSpec><setSpec>col_2072_378194</setSpec></header><metadata><record xmlns="http://www.loc.gov/MARC21/slim" xmlns:dcterms="http://purl.org/dc/terms/" xmlns:xsi="http://www.w3.org/2001/XMLSchema-instance" xmlns:doc="http://www.lyncode.com/xoai" xsi:schemaLocation="http://www.loc.gov/MARC21/slim http://www.loc.gov/standards/marcxml/schema/MARC21slim.xsd">
   <leader>00925njm 22002777a 4500</leader>
   <datafield ind2=" " ind1=" " tag="042">
      <subfield code="a">dc</subfield>
   </datafield>
   <datafield ind2=" " ind1=" " tag="720">
      <subfield code="a">Azorín, Cristina</subfield>
      <subfield code="e">author</subfield>
   </datafield>
   <datafield ind2=" " ind1=" " tag="720">
      <subfield code="a">Casaldàliga, Núria</subfield>
      <subfield code="e">author</subfield>
   </datafield>
   <datafield ind2=" " ind1=" " tag="720">
      <subfield code="a">Jorba, Ferran</subfield>
      <subfield code="e">author</subfield>
   </datafield>
   <datafield ind2=" " ind1=" " tag="720">
      <subfield code="a">Piera Moreno, Beatriu</subfield>
      <subfield code="e">author</subfield>
   </datafield>
   <datafield ind2=" " ind1=" " tag="720">
      <subfield code="a">Universitat Autònoma de Barcelona. Servei de Biblioteques</subfield>
      <subfield code="e">author</subfield>
   </datafield>
   <datafield ind2=" " ind1=" " tag="260">
      <subfield code="c">2010</subfield>
   </datafield>
   <datafield ind2=" " ind1=" " tag="520">
      <subfield code="a">El Dipòsit Digital de Documents de la Universitat Autònoma de Barcelona (DDD) és un repositori institucional que recull, administra i difon els materials produïts a la institució, alhora que des de la seva inauguració, el novembre de 2006, s'ha nodrit també amb col·leccions digitalitzades fruit de la participació de la universitat en projectes subvencionats per les administracions públiques. Amb aquesta presentació volem, en primer lloc, compartir l'experiència adquirida en la gestió d'un projecte de digitalització. En segon lloc, explicar els procediments de treball establerts i les eines de comprovació de la qualitat de les col·leccions digitalitzades. En tercer lloc, descriure els fluxos d'informació per a la recollida de la producció científica institucional. En quart lloc, fer una prospecció cap als criteris de qualitat i l'avaluació dels dipòsits, basant-nos en les recomanacions DINI (Deutsche Initiative für Netzwerkinformation) així com en d'altres iniciatives d'auditoria. Finalment, com a conclusió volem valorar i/o enumerar possibles millores a implementar al DDD.</subfield>
   </datafield>
   <datafield ind2=" " ind1=" " tag="520">
      <subfield code="a">El Dipòsit Digital de Documents de la Universidad Autónoma de Barcelona (DDD) es un repostitorio institucional que recoge, administra y difunde los materiales producidos en dicha institución, a la vez que desde su inauguración, en noviembre de 2006, se ha alimentado también con colecciones digitalizadas fruto de la participación de la universidad en proyectos subvencionados por las administraciones públicas.Con esta presentación quisiéramos, en primer lugar, compartir la experiencia adquirida en la gestión de proyectos de digitalización. En segundo lugar, explicar los procedimientos de trabajo establecidos y las herramientas de comprobación de la calidad de las colecciones digitalizadas. En tercer lugar, describir los flujos de información para la recolección de la producción científica institucional. En cuarto lugar, realizar una prospección sobre los criterios de calidad y evaluación de los repositorios, basándonos en las recomendaciones DINI (Deutsche Initiative für Netzwerkinformation), así como en otras iniciativas de auditoría. Finalmente, como conclusión, quisiéramos valorar i/o enumerar posibles mejoras a implementar en nuestro repositorio.</subfield>
   </datafield>
   <datafield ind2=" " ind1=" " tag="520">
      <subfield code="a">The Digital Repository of Documents of the Universitat Autònoma de Barcelona (DDD) is an institutional repository which collects, manages and disseminates materials that have produced in the institution, just as since its opening in November 2006, it has also stored and promoted digitized collections as a result of the participation in projects funded by the government. First of all, with this introduction we would like sharing some lessons that we have learned during the management of digitization projects, trying to focus on our established work procedures and tools for verifying the quality of digitized collections. Second, we would like to describe the information flows that we use to collect the institutional scientific production of UAB. Third, we conduct a survey on the quality evaluation criteria of repositories, based on DINI recommendations (Deutsche Initiative für Netzwerkinformation) and some other audit initiatives. As a conclusion, we would appreciate and share any possible improvements that can be implemented in our repository.</subfield>
   </datafield>
   <datafield tag="653" ind2=" " ind1=" ">
      <subfield code="a">Repositoris</subfield>
   </datafield>
   <datafield tag="653" ind2=" " ind1=" ">
      <subfield code="a">Digitalització</subfield>
   </datafield>
   <datafield tag="653" ind2=" " ind1=" ">
      <subfield code="a">Preservació</subfield>
   </datafield>
   <datafield tag="653" ind2=" " ind1=" ">
      <subfield code="a">Qualitat</subfield>
   </datafield>
   <datafield tag="653" ind2=" " ind1=" ">
      <subfield code="a">Metadades</subfield>
   </datafield>
   <datafield tag="653" ind2=" " ind1=" ">
      <subfield code="a">Accés obert</subfield>
   </datafield>
   <datafield tag="653" ind2=" " ind1=" ">
      <subfield code="a">Interoperabilitat</subfield>
   </datafield>
   <datafield tag="653" ind2=" " ind1=" ">
      <subfield code="a">Dipòsit digitals</subfield>
   </datafield>
   <datafield tag="653" ind2=" " ind1=" ">
      <subfield code="a">CDS Invenio</subfield>
   </datafield>
   <datafield tag="653" ind2=" " ind1=" ">
      <subfield code="a">Universitat Autònoma de Barcelona</subfield>
   </datafield>
   <datafield tag="653" ind2=" " ind1=" ">
      <subfield code="a">Repositorios</subfield>
   </datafield>
   <datafield tag="653" ind2=" " ind1=" ">
      <subfield code="a">Digitalización</subfield>
   </datafield>
   <datafield tag="653" ind2=" " ind1=" ">
      <subfield code="a">Preservación</subfield>
   </datafield>
   <datafield tag="653" ind2=" " ind1=" ">
      <subfield code="a">Calidad</subfield>
   </datafield>
   <datafield tag="653" ind2=" " ind1=" ">
      <subfield code="a">Metadatos</subfield>
   </datafield>
   <datafield tag="653" ind2=" " ind1=" ">
      <subfield code="a">Acceso abierto</subfield>
   </datafield>
   <datafield tag="653" ind2=" " ind1=" ">
      <subfield code="a">Interoperabilidad</subfield>
   </datafield>
   <datafield tag="653" ind2=" " ind1=" ">
      <subfield code="a">Biblioteca digital</subfield>
   </datafield>
   <datafield tag="653" ind2=" " ind1=" ">
      <subfield code="a">CDS Invenio</subfield>
   </datafield>
   <datafield tag="653" ind2=" " ind1=" ">
      <subfield code="a">Universidad Autónoma de Barcelona</subfield>
   </datafield>
   <datafield tag="653" ind2=" " ind1=" ">
      <subfield code="a">Repositories</subfield>
   </datafield>
   <datafield tag="653" ind2=" " ind1=" ">
      <subfield code="a">Digitization</subfield>
   </datafield>
   <datafield tag="653" ind2=" " ind1=" ">
      <subfield code="a">Preservation</subfield>
   </datafield>
   <datafield tag="653" ind2=" " ind1=" ">
      <subfield code="a">Quality</subfield>
   </datafield>
   <datafield tag="653" ind2=" " ind1=" ">
      <subfield code="a">Metadata</subfield>
   </datafield>
   <datafield tag="653" ind2=" " ind1=" ">
      <subfield code="a">Open access</subfield>
   </datafield>
   <datafield tag="653" ind2=" " ind1=" ">
      <subfield code="a">Interoperability</subfield>
   </datafield>
   <datafield tag="653" ind2=" " ind1=" ">
      <subfield code="a">Digital repositories</subfield>
   </datafield>
   <datafield tag="653" ind2=" " ind1=" ">
      <subfield code="a">CDSInvenio</subfield>
   </datafield>
   <datafield tag="653" ind2=" " ind1=" ">
      <subfield code="a">Autonomous University of Barcelona</subfield>
   </datafield>
   <datafield ind2="0" ind1="0" tag="245">
      <subfield code="a">Els repositoris institucionals : entre la gestió i l'avaluació</subfield>
   </datafield>
</record></metadata></record></GetRecord></OAI-PMH>